00888nam a22002537a 450000500170000001000130001702000100003003500130004003700160005304000120006908200160008110000240009724500830012126000330020427000350023730000330027250000510030565000460035665000310040270000270043394200250046099900190048595201300050420170124110227.0 aB-045722 c20.00 aB-045722 bCen Lib/Ret aDPLbEN a618.92bACH aAchar, S. T.940895 aPediatrics in developing countries /cby S. T. Achar; edited by J. Viswanathan bOrient LongmanaMadrasc1973 bMadrasa36A Anna Salaie600002 axvii,688p. :c24cm(Hb)bill. aIncludes bibliographical references and index  aPediatrics -- Developing countries940896 aPediatrics -- India940897 aViswanathan, J.940898 2ddccENh709.03mSCH c134500d134500 001040718REFaLbLd2015-07-30eCen Lib/Retg20.00l0o618.92 ACHpB-045722r2015-07-30 00:00:00t1v20.00w2015-07-30yEN